| 000 | 00881cam a2200241 4500 | ||
|---|---|---|---|
| 001 | WB3712-42 | ||
| 008 | 000000n2001 000 0 eng u | ||
| 035 | _a(Sirsi) u111559 | ||
| 245 | _aGrazing during outbreak | ||
| 260 | _c2001 | ||
| 490 |
_aMAFF News Release _v(100/01) 16 March 2001, (2) |
||
| 520 | _aThe European Commission has agreed to relax the Arable Area Payment Scheme (APAS) rules until 30 April 2001 to allow set-aside farmland to be used for grazing where the foot and mouth crisis necessitate this. | ||
| 590 | _aWB | ||
| 650 | _aARABLE AREA PAYMENTS SCHEME | ||
| 650 | _aEUROPEAN COMMISSION | ||
| 650 | _aEUROPEAN FUNDING | ||
| 650 | _aFOOT-AND-MOUTH DISEASE | ||
| 650 | _aGRAZING | ||
| 650 | _aPROPERTY-RURAL AND NATURAL ASSETS-AGRICULTURAL PROPERTY-AGRICULTURAL LAND-GRAZING LAND | ||
| 650 | _aSET-ASIDE | ||
| 690 |
_aRural _96268 |
||
| 942 | _n0 | ||
| 999 |
_c66479 _d66479 |
||